| 000 | 00457nam a22001337a 4500 | ||
|---|---|---|---|
| 008 | 161129b xxu||||| |||| 00| 0 eng d | ||
| 050 |
_a HN59.2 _b.S63 2012 |
||
| 245 |
_aSocial problems : _breadings with four questions / _cedited by] Joel M. Charon, Lee Garth Vigilant |
||
| 250 | _a4th ed. | ||
| 260 |
_aBelmont, Calif. : _bWadsworth/Cengage Learning, _cc2009 |
||
| 300 |
_axx,599p. _c23cm. |
||
| 650 | _aSocial problems|zUnited States | ||
| 942 |
_2lcc _cBK |
||
| 999 |
_c47498 _d47498 |
||